[Event "EIWCC 2018"]
[Site "Vysoke Tatry"]
[Date "2018.04.09"]
[Round "2"]
[White "Unuk, Laura"]
[Black "Kashlinskaya, Alina"]
[Result "0-1"]
[WhiteElo "2329"]
[BlackElo "2450"]
[PlyCount "140"]
[EventDate "2018.??.??"]
[EventType "swiss"]
[EventCountry "SVK"]
[SourceTitle "playchess.com"]
[Source "ChessBase"]
[SourceQuality "1"]

1. d4 Nf6 2. c4 e6 3. Nf3 d5 4. Nc3 Bb4 5. Qa4+ Nc6 6. a3 Bxc3+ 7. bxc3 O-O 8.
Bg5 h6 9. Bh4 Bd7 10. cxd5 exd5 11. e3 a6 12. Qc2 Re8 13. Bd3 Bg4 14. Nd2 Na5
15. O-O Be6 16. e4 b5 17. f4 dxe4 18. Nxe4 Bb3 19. Qf2 Bc4 20. Nxf6+ gxf6 21.
Qg3+ Kh8 22. Rae1 Rg8 23. Qh3 Bxd3 24. Qxd3 Qd6 25. Re3 Nc4 26. Rh3 Rae8 27. a4
c6 28. axb5 axb5 29. f5 Kh7 30. Qf3 Re3 31. Qxe3 Nxe3 32. Rxe3 b4 33. cxb4 Qxd4
34. Bf2 Qxb4 35. Rh3 Qe4 36. Bg3 c5 37. Re1 Qxf5 38. Rf1 Qe6 39. Rh4 f5 40. Bf4
Rg6 41. Bc1 Qd5 42. g3 Re6 43. Rhf4 Kg6 44. h4 h5 45. R4f2 c4 46. Bf4 c3 47.
Kh2 Rb6 48. Kg1 Qd4 49. Kg2 Qd3 50. Rc1 Rb2 51. Rcf1 f6 52. Kg1 c2 53. Kg2 Rb1
54. Rc1 Qe4+ 55. Kh2 Qxf4 56. Rxf4 Rxc1 57. Rc4 Kf7 58. Rc6 Ke7 59. Kg2 Kd7 60.
Rc3 Ke6 61. Rc5 Kd6 62. Rc8 f4 63. gxf4 Kd5 64. f5 Ke4 65. Re8+ Kxf5 66. Rc8
Ke4 67. Re8+ Kf4 68. Rc8 f5 69. Rc4+ Ke3 70. Rc8 Re1 0-1

[Event "EIWCC 2018"]
[Site "Vysoke Tatry"]
[Date "2018.04.09"]
[Round "2"]
[White "Leite Oralova, Catarina"]
[Black "Sliwicka, Alicja"]
[Result "0-1"]
[WhiteElo "2134"]
[BlackElo "2329"]
[PlyCount "196"]
[EventDate "2018.??.??"]
[EventType "swiss"]
[EventCountry "SVK"]
[SourceTitle "playchess.com"]
[Source "ChessBase"]
[SourceQuality "1"]

1. e4 e5 2. Nf3 Nc6 3. Bb5 a6 4. Ba4 Nf6 5. O-O Be7 6. c3 b5 7. Bc2 d5 8. d3
O-O 9. Nbd2 Be6 10. Re1 dxe4 11. dxe4 Qd6 12. Nf1 Na5 13. Qxd6 Bxd6 14. Ne3 g6
15. Rd1 Kg7 16. h3 Rfd8 17. b4 Nb7 18. a4 c6 19. Ng5 Bd7 20. Bb3 Be8 21. Ng4
Nxg4 22. hxg4 bxa4 23. Bxa4 a5 24. Bb3 axb4 25. Rxa8 Rxa8 26. cxb4 h6 27. Nf3
f6 28. Bd2 Be7 29. Ne1 Nd6 30. f3 Nb5 31. Nc2 Rd8 32. Ne3 Nd4 33. Bc4 Rb8 34.
Rb1 Nb5 35. Bxb5 Rxb5 36. Kf2 Rb8 37. Rb2 Bd7 38. Rb1 Bc8 39. Rb2 Ba6 40. Ra2
Bb5 41. Ra7 Kf7 42. Nc2 Ke6 43. Na3 Rd8 44. Be1 Bd3 45. Ra5 f5 46. gxf5+ gxf5
47. exf5+ Kxf5 48. Bc3 Bd6 49. g4+ Ke6 50. b5 cxb5 51. Nxb5 Bc5+ 52. Kg3 Rc8
53. Bd2 Rc6 54. Bxh6 Bb6 55. Ra3 Bxb5 56. Rb3 Bc4 57. Rb4 Bc7 58. Be3 Bd5 59.
f4 Rc3 60. f5+ Kf6 61. Kf2 Rc2+ 62. Kg1 Re2 63. Bf2 e4 64. Bh4+ Kf7 65. Rd4 Bc6
66. Rc4 Bb6+ 67. Kf1 Bb5 68. Kxe2 Bxc4+ 69. Kd2 e3+ 70. Kc3 Ba6 71. g5 e2 72.
g6+ Kg7 73. Bg3 e1=Q+ 74. Bxe1 Ba5+ 75. Kd4 Bxe1 76. Ke5 Bc3+ 77. Ke6 Bc8+ 78.
Kd5 Bxf5 79. Kc4 Bf6 80. Kc5 Kxg6 81. Kd5 Bb2 82. Kc4 Kf6 83. Kd5 Be5 84. Kc4
Ke6 85. Kc5 Be4 86. Kc4 Kd6 87. Kb4 Bd3 88. Ka4 Kc5 89. Kb3 Be4 90. Ka3 Bc2 91.
Ka2 Kc4 92. Ka3 Kc3 93. Ka2 Bb3+ 94. Kb1 Bf4 95. Ka1 Bd5 96. Kb1 Kb3 97. Ka1
Be6 98. Kb1 Bf5+ 0-1

[Event "EIWCC 2018"]
[Site "Vysoke Tatry"]
[Date "2018.04.10"]
[Round "3"]
[White "Gara, Ticia"]
[Black "Vega Gutierrez, Sabrina"]
[Result "1/2-1/2"]
[WhiteElo "2330"]
[BlackElo "2425"]
[PlyCount "143"]
[EventDate "2018.??.??"]
[EventType "swiss"]
[EventCountry "SVK"]
[SourceTitle "playchess.com"]
[Source "ChessBase"]
[SourceQuality "1"]

1. e4 c5 2. Nf3 e6 3. g3 Nc6 4. Bg2 Nf6 5. Qe2 d6 6. O-O Be7 7. c3 e5 8. Rd1
O-O 9. d4 exd4 10. cxd4 cxd4 11. Nxd4 Re8 12. Nc3 Bg4 13. f3 Bd7 14. Be3 Nxd4
15. Bxd4 Bc6 16. Qf2 Nd7 17. Rac1 Qa5 18. a3 a6 19. Be3 f5 20. Nd5 fxe4 21.
fxe4 Bf6 22. Bd2 Qd8 23. Nxf6+ Qxf6 24. Bc3 Qxf2+ 25. Kxf2 Nc5 26. Bb4 Bxe4 27.
Bxc5 dxc5 28. Rxc5 Rf8+ 29. Kg1 Bxg2 30. Kxg2 Rae8 31. Rd2 Re7 32. Rdc2 Rf6 33.
Rc7 Rxc7 34. Rxc7 b5 35. Ra7 h5 36. b4 Kh7 37. h4 Kg6 38. Kh3 Rc6 39. Kg2 Kf6
40. Kf2 g6 41. Rd7 Ke5 42. Ke3 Kf5 43. Rd5+ Kg4 44. Rg5+ Kh3 45. Rc5 Rf6 46.
Rg5 Rc6 47. Rc5 Re6+ 48. Kf4 Rf6+ 49. Kg5 Rf3 50. Kxg6 Rxg3+ 51. Kxh5 Rxa3 52.
Rc6 Ra4 53. Rc3+ Kg2 54. Rb3 Kf2 55. Kg6 a5 56. bxa5 Rxa5 57. h5 Ra6+ 58. Kg5
Rb6 59. h6 b4 60. h7 Rb5+ 61. Kg4 Rb8 62. Rh3 Rh8 63. Kg5 Ke2 64. Kg6 Rb8 65.
Rb3 Rb6+ 66. Kg5 Rb5+ 67. Kg4 Rb8 68. Rh3 Kd2 69. h8=Q Rxh8 70. Rxh8 b3 71. Rb8
Kc2 72. Kf3 1/2-1/2

[Event "EIWCC 2018"]
[Site "Vysoke Tatry"]
[Date "2018.04.10"]
[Round "3"]
[White "Melia, Salome"]
[Black "Belenkaya, Dina"]
[Result "1/2-1/2"]
[WhiteElo "2411"]
[BlackElo "2308"]
[PlyCount "100"]
[EventDate "2018.??.??"]
[EventType "swiss"]
[EventCountry "SVK"]
[SourceTitle "playchess.com"]
[Source "ChessBase"]
[SourceQuality "1"]

1. e4 c6 2. d4 d5 3. e5 c5 4. dxc5 Nc6 5. Nf3 Bg4 6. c3 e6 7. Be3 Nge7 8. Nbd2
Nf5 9. Bd4 Be7 10. Bb5 Qc7 11. O-O O-O 12. h3 Bh5 13. Bxc6 Bxf3 14. Nxf3 Qxc6
15. g4 Nh4 16. Nxh4 Bxh4 17. Qe2 Be7 18. b4 Qa4 19. f4 Rfc8 20. f5 b6 21. cxb6
axb6 22. Qf2 Kh8 23. f6 gxf6 24. exf6 Bd6 25. Qd2 Rc4 26. Rf2 Qc6 27. a4 Qc7
28. a5 b5 29. a6 e5 30. Qg5 Rg8 31. Qxg8+ Kxg8 32. a7 exd4 33. a8=Q+ Bf8 34.
Qxf8+ Kxf8 35. Ra8+ Qc8 36. Rxc8+ Rxc8 37. cxd4 Rc4 38. Ra2 Ke8 39. Ra7 Rxd4
40. Re7+ Kf8 41. Rb7 Ke8 42. Rxb5 Kd7 43. Rb7+ Ke6 44. g5 Kf5 45. Rxf7 Kxg5 46.
b5 Rb4 47. Rd7 Rxb5 48. f7 Rb8 49. Rxd5+ Kg6 50. Rd7 Rf8 1/2-1/2

[Event "EIWCC 2018"]
[Site "Vysoke Tatry"]
[Date "2018.04.10"]
[Round "3"]
[White "Milcova, Zuzana"]
[Black "Semenova, Elena"]
[Result "0-1"]
[WhiteElo "2033"]
[BlackElo "2221"]
[PlyCount "152"]
[EventDate "2018.??.??"]
[EventType "swiss"]
[EventCountry "SVK"]
[SourceTitle "playchess.com"]
[Source "ChessBase"]
[SourceQuality "1"]

1. e4 e5 2. Nf3 Nc6 3. d4 exd4 4. Nxd4 Nf6 5. Nxc6 bxc6 6. Nd2 d6 7. Bd3 g6 8.
b3 Bg7 9. Bb2 O-O 10. O-O c5 11. Re1 Rb8 12. Nc4 Bb7 13. f3 Nh5 14. Bxg7 Kxg7
15. Qd2 Re8 16. Ne3 Kg8 17. Ng4 Bc8 18. Nh6+ Kf8 19. Rad1 Qe7 20. g4 Ng7 21.
Bc4 Be6 22. Bd5 Qf6 23. e5 dxe5 24. Qe3 Bxd5 25. Qxc5+ Qe7 26. Rxd5 f6 27. Red1
Qxc5+ 28. Rxc5 Ne6 29. Rc6 Rb6 30. Rxb6 axb6 31. Rd7 Re7 32. Rxe7 Kxe7 33. Kf2
Kf8 34. h4 Kg7 35. g5 fxg5 36. hxg5 Nxg5 37. Ng4 Nf7 38. Ne3 Nd8 39. a4 Kf7 40.
Nd5 Ne6 41. b4 Ke8 42. a5 bxa5 43. bxa5 Kd8 44. a6 Kc8 45. Ne7+ Kb8 46. Nc6+
Ka8 47. c3 Nc5 48. Ke3 Nd7 49. Ke4 h5 50. Ke3 g5 51. Kf2 h4 52. Kg2 Nc5 53.
Nxe5 Ka7 54. f4 gxf4 55. Ng6 Ne6 56. Nxh4 Kxa6 57. Nf3 Kb5 58. Nd2 Ng5 59. Kf2
Ka4 60. Ke2 Ka3 61. Kd3 Kb2 62. Nf1 Kc1 63. Kd4 Kd1 64. Nh2 Kd2 65. c4 f3 66.
Ng4 Nf7 67. Ke4 Ke2 68. Kd5 Nd8 69. Ke5 f2 70. Nh2 f1=Q 71. Nxf1 Kxf1 72. c5
Ke2 73. Kf6 Kd3 74. Ke7 Kc4 75. c6 Kb5 76. Kd7 Kb6 0-1

[Event "EIWCC 2018"]
[Site "Vysoke Tatry"]
[Date "2018.04.10"]
[Round "3"]
[White "Paramzina, Anastasya"]
[Black "Atalik, Ekaterina"]
[Result "0-1"]
[WhiteElo "2271"]
[BlackElo "2452"]
[PlyCount "88"]
[EventDate "2018.??.??"]
[EventType "swiss"]
[EventCountry "SVK"]
[SourceTitle "playchess.com"]
[Source "ChessBase"]
[SourceQuality "1"]

1. e4 c6 2. d4 d5 3. exd5 cxd5 4. Bd3 Nc6 5. c3 Nf6 6. Bf4 Bg4 7. Qb3 Qc8 8.
Nd2 e6 9. Ngf3 Be7 10. O-O Bh5 11. Ne5 Nxe5 12. dxe5 Nd7 13. c4 dxc4 14. Nxc4
Nc5 15. Qb5+ Qd7 16. Nd6+ Bxd6 17. exd6 Nxd3 18. Qxd3 O-O 19. Rac1 Rfc8 20. Qe3
Rc6 21. Rxc6 bxc6 22. Rc1 f6 23. Qc5 Be8 24. Be3 a6 25. b3 Rb8 26. Qa3 e5 27.
Bc5 Ra8 28. Rc4 Bf7 29. Ra4 Qc8 30. Bb6 Bd5 31. h3 h6 32. Bc7 Kh7 33. Qb4 Qf5
34. Ra5 e4 35. Qb7 e3 36. fxe3 Re8 37. Bb6 c5 38. Qxa6 Rxe3 39. Qf1 Qe6 40. d7
Re1 41. d8=Q Qe3+ 42. Kh2 Qe5+ 43. Kg1 Qd4+ 44. Kh2 Rxf1 0-1

[Event "EIWCC 2018"]
[Site "Vysoke Tatry"]
[Date "2018.04.10"]
[Round "3"]
[White "Osmak, Iulija"]
[Black "Javakhishvili, Lela"]
[Result "0-1"]
[WhiteElo "2361"]
[BlackElo "2467"]
[PlyCount "144"]
[EventDate "2018.??.??"]
[EventType "swiss"]
[EventCountry "SVK"]
[SourceTitle "playchess.com"]
[Source "ChessBase"]
[SourceQuality "1"]

1. d4 Nf6 2. c4 e6 3. Nc3 Bb4 4. a3 Bxc3+ 5. bxc3 Nc6 6. f3 d5 7. cxd5 exd5 8.
e3 Bf5 9. g4 Nxg4 10. fxg4 Qh4+ 11. Kd2 Be4 12. Nf3 Qf2+ 13. Qe2 Qxf3 14. Qxf3
Bxf3 15. Rg1 Na5 16. Rb1 Be4 17. Rb4 O-O 18. c4 dxc4 19. Bxc4 Nxc4+ 20. Rxc4 c6
21. Ke2 Bd5 22. Rc2 g5 23. Bd2 Rfe8 24. Bb4 Re6 25. Rg3 Kg7 26. Be1 Rae8 27.
Rb2 b5 28. Ba5 Kg6 29. Rc2 Bc4+ 30. Kf2 h5 31. gxh5+ Kxh5 32. Rc1 Rf6+ 33. Rf3
Kg6 34. Rg1 Rxf3+ 35. Kxf3 Bd5+ 36. Ke2 Rh8 37. Bc7 f6 38. Kd3 Bc4+ 39. Kd2 Rh7
40. Bd6 Kf5 41. Rg2 Ke4 42. Rg4+ Kd5 43. Bg3 Bf1 44. e4+ Ke6 45. Bb8 Rb7 46.
Rg1 Rxb8 47. Rxf1 Rh8 48. Kc3 Rxh2 49. a4 bxa4 50. Kc4 a3 51. d5+ cxd5+ 52.
exd5+ Kf7 53. Rb1 Rb2 54. Rh1 Kg6 55. Kc3 Rb6 56. Ra1 Ra6 57. Kc4 a2 58. Kb5
Ra3 59. d6 Kf7 60. Kc6 Rc3+ 61. Kd7 Rc2 62. Kd8 g4 63. d7 g3 64. Rc1 Rd2 65.
Kc8 g2 66. d8=Q Rxd8+ 67. Kxd8 f5 68. Kd7 f4 69. Kd6 f3 70. Ke5 f2 71. Rc7+ Kg6
72. Rc6+ Kg5 0-1

[Event "EIWCC 2018"]
[Site "Vysoke Tatry"]
[Date "2018.04.10"]
[Round "3"]
[White "Bodnaruk, Anastasia"]
[Black "Fuchs, Judith"]
[Result "0-1"]
[WhiteElo "2460"]
[BlackElo "2286"]
[PlyCount "96"]
[EventDate "2018.??.??"]
[EventType "swiss"]
[EventCountry "SVK"]
[SourceTitle "playchess.com"]
[Source "ChessBase"]
[SourceQuality "1"]

1. e4 c5 2. Nf3 d6 3. d4 cxd4 4. Nxd4 Nf6 5. Nc3 Bd7 6. f3 e6 7. Ndb5 Bxb5 8.
Bxb5+ Nc6 9. O-O Be7 10. Kh1 O-O 11. f4 Qb6 12. Bd3 Rac8 13. a3 Nd7 14. Qh5 Nc5
15. Rf3 Nxd3 16. Rxd3 Qf2 17. Qd1 Qc5 18. Be3 Qc4 19. Qh5 f5 20. Rad1 fxe4 21.
b3 Qa6 22. Nxe4 d5 23. Nc5 Bxc5 24. Bxc5 Rxf4 25. Bd6 Rf5 26. Qg4 Rd8 27. Qg3
e5 28. Qh3 Rf6 29. Bc5 b6 30. Bg1 d4 31. a4 Qc8 32. Qh4 Nb4 33. R3d2 Rdf8 34.
Qe4 Qf5 35. Qe2 Rc8 36. c4 dxc3 37. Rd8+ Rf8 38. Rxf8+ Qxf8 39. Rc1 c2 40. Be3
Qf5 41. Rf1 Qd3 42. Qf2 Qxb3 43. Qg3 Na2 44. Qxe5 c1=Q 45. Bxc1 Nxc1 46. Qf5
Qc4 47. Rf4 Re8 48. h4 Qe6 0-1

[Event "EIWCC 2018"]
[Site "Vysoke Tatry"]
[Date "2018.04.10"]
[Round "3"]
[White "Schleining, Zoya"]
[Black "Goryachkina, Aleksandra"]
[Result "1/2-1/2"]
[WhiteElo "2382"]
[BlackElo "2495"]
[PlyCount "221"]
[EventDate "2018.??.??"]
[EventType "swiss"]
[EventCountry "SVK"]
[SourceTitle "playchess.com"]
[Source "ChessBase"]
[SourceQuality "1"]

1. d4 d5 2. Bg5 h6 3. Bh4 c6 4. e3 Qb6 5. b3 Bf5 6. Nf3 e6 7. Bd3 Bxd3 8. Qxd3
Ne7 9. Bg3 Nd7 10. h3 c5 11. Nc3 Nc6 12. O-O cxd4 13. exd4 Be7 14. Nb5 O-O 15.
Bc7 Qa6 16. a4 Rac8 17. Rfc1 b6 18. Bd6 Nf6 19. Bxe7 Nxe7 20. Nd6 Qxd3 21. cxd3
Rxc1+ 22. Rxc1 Rd8 23. Nb5 Rc8 24. Rxc8+ Nxc8 25. Ne5 Ne8 26. Nc6 a6 27. Nc3
Nc7 28. b4 Kf8 29. g4 Ke8 30. Kg2 f6 31. f4 Kd7 32. Nb8+ Kd6 33. h4 g6 34. Kf3
Ne7 35. Ne2 Nc8 36. Ng3 Na7 37. f5 exf5 38. gxf5 g5 39. Nh5 Ke7 40. Kg4 a5 41.
b5 Ne8 42. Ng3 Ng7 43. hxg5 fxg5 44. Nc6+ Nxc6 45. bxc6 Ne8 46. Kh5 Kd6 47.
Kxh6 Kxc6 48. Kxg5 b5 49. axb5+ Kxb5 50. Ne2 Kb4 51. Kf4 a4 52. Ke5 a3 53. Nc1
Kc3 54. Kxd5 Kb2 55. Kc4 Nd6+ 56. Kb4 Nxf5 57. d5 Nd4 58. d6 Nc2+ 59. Kc5 Kxc1
60. d7 a2 61. d8=Q a1=Q 62. Qg5+ Kd1 63. Qg1+ Ne1 64. Qg4+ Kd2 65. Qf4+ Kxd3
66. Qg3+ Ke2 67. Qh2+ Kf3 68. Qh5+ Kg3 69. Qg5+ Kf2 70. Qd2+ Kf3 71. Qd5+ Ke2
72. Qe4+ Kd2 73. Qf4+ Kd3 74. Qg3+ Ke4 75. Qg4+ Ke3 76. Qg5+ Ke2 77. Qe7+ Kf1
78. Qf7+ Kg1 79. Qg6+ Ng2 80. Qd3 Qa7+ 81. Kc6 Ne3 82. Qb1+ Kf2 83. Qb2+ Kg3
84. Qe5+ Kg4 85. Qe6+ Kg5 86. Qg8+ Kf4 87. Qf8+ Nf5 88. Qb4+ Kg5 89. Qd2+ Kf6
90. Qb2+ Kg6 91. Qg2+ Kf7 92. Qd5+ Kf6 93. Qd8+ Ne7+ 94. Kb5 Kf7 95. Qb6 Qa2
96. Qc7 Qb3+ 97. Ka5 Ke8 98. Qe5 Kd7 99. Qd4+ Kc7 100. Qe5+ Kd8 101. Qh8+ Kd7
102. Qd4+ Nd5 103. Qg7+ Kc6 104. Qh6+ Kc5 105. Qf8+ Kd4 106. Qg7+ Kd3 107. Qg6+
Kd2 108. Qg2+ Kc1 109. Qf1+ Kb2 110. Qb5 Qxb5+ 111. Kxb5 1/2-1/2

[Event "EIWCC 2018"]
[Site "Vysoke Tatry"]
[Date "2018.04.11"]
[Round "4"]
[White "Palma, Maria"]
[Black "Serakova, Tatana"]
[Result "1-0"]
[WhiteElo "2060"]
[BlackElo "1633"]
[PlyCount "103"]
[EventDate "2018.??.??"]
[EventType "swiss"]
[EventCountry "SVK"]
[SourceTitle "playchess.com"]
[Source "ChessBase"]
[SourceQuality "1"]

1. c4 e6 2. Nf3 d5 3. b3 Nf6 4. g3 c5 5. Bg2 b6 6. O-O Bb7 7. cxd5 Bxd5 8. Nc3
Bc6 9. d4 cxd4 10. Qxd4 Qxd4 11. Nxd4 Bxg2 12. Kxg2 Bc5 13. Ndb5 Na6 14. Bf4
O-O 15. Rfd1 Nb4 16. e4 a6 17. Nd6 Ng4 18. Rd2 e5 19. f3 exf4 20. fxg4 fxg3 21.
Kxg3 Rad8 22. Rad1 Be3 23. Nd5 Nxd5 24. Rxd5 h6 25. b4 b5 26. h4 Ra8 27. Kf3
Bb6 28. Rc1 Bd8 29. g5 hxg5 30. hxg5 a5 31. a3 axb4 32. axb4 Ra3+ 33. Kg4 Re3
34. Rxb5 Be7 35. e5 Rd3 36. Nf5 Bd8 37. Rb8 Rb3 38. Rcc8 Rd3 39. Nd6 Be7 40.
Rxf8+ Bxf8 41. b5 Rd4+ 42. Kf3 g6 43. b6 Kg7 44. b7 Rb4 45. Ne8+ Kg8 46. Nf6+
Kg7 47. Rxf8 Kxf8 48. b8=Q+ Rxb8 49. Nd7+ Ke7 50. Nxb8 Ke6 51. Ke4 Ke7 52. Kd5
1-0

[Event "EIWCC 2018"]
[Site "Vysoke Tatry"]
[Date "2018.04.11"]
[Round "4"]
[White "Antolak, Julia"]
[Black "Bodnaruk, Anastasia"]
[Result "1-0"]
[WhiteElo "2212"]
[BlackElo "2460"]
[PlyCount "79"]
[EventDate "2018.??.??"]
[EventType "swiss"]
[EventCountry "SVK"]
[SourceTitle "playchess.com"]
[Source "ChessBase"]
[SourceQuality "1"]

1. e4 c5 2. Nf3 d6 3. d4 cxd4 4. Nxd4 Nf6 5. Nc3 a6 6. Be3 e5 7. Nb3 Be7 8. f3
O-O 9. Qd2 Be6 10. O-O-O Nbd7 11. g4 b5 12. g5 Nh5 13. Kb1 Qc7 14. Nd5 Bxd5 15.
exd5 f5 16. gxf6 Bxf6 17. Bd3 Nb6 18. Bxb6 Qxb6 19. Na5 Bh4 20. Nc6 Rf4 21.
Rhg1 Qf2 22. Qa5 Qxf3 23. Bxb5 e4 24. Nd4 Qe3 25. Ne6 Rf7 26. Rgf1 Bf2 27. Ba4
Nf4 28. Qb4 Ng2 29. Qxd6 Qe2 30. Ng5 Rf6 31. Qb4 Rf4 32. d6 h6 33. Ne6 Rf6 34.
Bb3 Kh7 35. Bd5 Re8 36. Qxe4+ Qxe4 37. Bxe4+ g6 38. d7 Rfxe6 39. dxe8=Q Rxe8
40. Bxg2 1-0

[Event "EIWCC 2018"]
[Site "Vysoke Tatry"]
[Date "2018.04.11"]
[Round "4"]
[White "Kejzar, Petra"]
[Black "Novosadova, Kristyna"]
[Result "0-1"]
[WhiteElo "2071"]
[BlackElo "2240"]
[PlyCount "98"]
[EventDate "2018.??.??"]
[EventType "swiss"]
[EventCountry "SVK"]
[SourceTitle "playchess.com"]
[Source "ChessBase"]
[SourceQuality "1"]

1. g3 e5 2. Bg2 Nf6 3. c4 Nc6 4. Nc3 Bb4 5. Nf3 Bxc3 6. bxc3 O-O 7. O-O Re8 8.
Qc2 d6 9. e4 Bg4 10. h3 Be6 11. d3 Qc8 12. Kh2 b6 13. Ng5 Bd7 14. f4 Na5 15.
fxe5 dxe5 16. d4 Nxc4 17. Qb3 Qa6 18. Nxf7 Kxf7 19. dxe5 Ba4 20. Qb1 Nxe5 21.
Bg5 Rad8 22. Qc1 Ned7 23. Qf4 Re5 24. Bxf6 gxf6 25. Qh6 Kg8 26. Rf4 Rg5 27.
Rxf6 Rg7 28. Rf5 Rg6 29. Qh4 Re8 30. Raf1 Qc4 31. R1f4 Ne5 32. Qh5 Qe6 33. Rh4
Rg7 34. Rhf4 Qg6 35. Qh4 Bd7 36. Rf6 Qg5 37. Qxg5 Rxg5 38. Bf1 Kg7 39. g4 Bxg4
40. hxg4 Nxg4+ 41. Rxg4 Kxf6 42. Rh4 Ree5 43. Rxh7 Rh5+ 44. Rxh5 Rxh5+ 45. Kg3
Ra5 46. Kf4 Rxa2 47. e5+ Ke7 48. Ke4 a5 49. Kd5 a4 0-1

[Event "EIWCC 2018"]
[Site "Vysoke Tatry"]
[Date "2018.04.11"]
[Round "4"]
[White "Buksa, Nataliya"]
[Black "Ushenina, Anna"]
[Result "0-1"]
[WhiteElo "2357"]
[BlackElo "2422"]
[PlyCount "220"]
[EventDate "2018.??.??"]
[EventType "swiss"]
[EventCountry "SVK"]
[SourceTitle "playchess.com"]
[Source "ChessBase"]
[SourceQuality "1"]

1. e4 e5 2. Nf3 Nc6 3. Bb5 a6 4. Ba4 b5 5. Bb3 g6 6. c3 Bg7 7. d4 exd4 8. cxd4
Nge7 9. O-O O-O 10. Nc3 d6 11. h3 Na5 12. Bc2 c5 13. dxc5 dxc5 14. Qxd8 Rxd8
15. Be3 Nec6 16. Bxc5 Be6 17. e5 Nc4 18. Be4 Rac8 19. Bxc6 Rxc6 20. Bd4 Nxb2
21. Nxb5 axb5 22. Bxb2 Rc2 23. Rfb1 Bf8 24. Nd4 Rxb2 25. Rxb2 Rxd4 26. Rxb5 Ra4
27. Kh2 h5 28. Rb8 Kg7 29. Rd1 Bc5 30. Rdd8 Kh6 31. Ra8 Rxa8 32. Rxa8 Bxf2 33.
a4 h4 34. Ra5 Bc4 35. Kh1 Bb6 36. Ra8 Kg5 37. a5 Bf2 38. a6 Kf4 39. a7 Be6 40.
Rh8 Bxa7 41. Rxh4+ Kxe5 42. Ra4 Bd4 43. Kh2 Ke4 44. Ra3 Be5+ 45. Kg1 Bd5 46.
Kf2 f6 47. Ra4+ Bd4+ 48. Kg3 Ke3 49. Kh2 Be4 50. Ra2 Bd3 51. Kg1 Bc3 52. Ra3
Bd2 53. Rb3 Ke2 54. Rb2 Ke1 55. Rb3 Be4 56. Ra3 Ke2 57. Ra2 f5 58. h4 f4 59.
Rb2 Ke1 60. Ra2 Be3+ 61. Kh2 Bf2 62. Ra1+ Ke2 63. Ra4 Bg3+ 64. Kg1 Bf5 65. h5
gxh5 66. Ra3 h4 67. Ra5 Be4 68. Re5 Ke3 69. Kf1 Kd4 70. Re8 Bf5 71. Re7 h3 72.
gxh3 Bxh3+ 73. Kg1 Bf5 74. Kf1 Be4 75. Rg7 Ke3 76. Kg1 Be1 77. Re7 Bb4 78. Re8
Kf3 79. Rc8 Ke3 80. Re8 Bc5 81. Kf1 Kf3 82. Rd8 Bf5 83. Rb8 Bh3+ 84. Ke1 Bf2+
85. Kd2 Kg2 86. Rg8+ Bg3 87. Rf8 f3 88. Ke3 f2 89. Rf7 f1=Q 90. Rxf1 Kxf1 91.
Kf3 Bf2 92. Kf4 Ke2 93. Ke4 Bg2+ 94. Kf4 Kd3 95. Ke5 Bg3+ 96. Kf5 Kd4 97. Kg4
Be5 98. Kf5 Bh3+ 99. Kg5 Ke4 100. Kg6 Be6 101. Kg5 Bd4 102. Kg6 Kf4 103. Kh5
Bg4+ 104. Kh6 Kf5 105. Kh7 Kf6 106. Kh6 Be3+ 107. Kh7 Kf7 108. Kh8 Bh5 109. Kh7
Bg6+ 110. Kh8 Bd4# 0-1

[Event "EIWCC 2018"]
[Site "Vysoke Tatry"]
[Date "2018.04.12"]
[Round "5"]
[White "Berke, Ana"]
[Black "Palma, Maria"]
[Result "1-0"]
[WhiteElo "2173"]
[BlackElo "2060"]
[PlyCount "95"]
[EventDate "2018.??.??"]
[EventType "swiss"]
[EventCountry "SVK"]
[SourceTitle "playchess.com"]
[Source "ChessBase"]
[SourceQuality "1"]

1. e4 c5 2. Nf3 g6 3. c4 Bg7 4. d4 cxd4 5. Nxd4 Nc6 6. Be3 Nf6 7. Nc3 O-O 8.
Be2 d6 9. O-O Bd7 10. Nb3 Be6 11. f3 Nd7 12. Qd2 b6 13. Nd5 Nc5 14. Nd4 Nxd4
15. Bxd4 Bxd4+ 16. Qxd4 Bxd5 17. cxd5 a5 18. f4 Qd7 19. e5 Rad8 20. Rad1 Qa4
21. Qxa4 Nxa4 22. Rd4 Nc5 23. Bb5 f6 24. Re1 fxe5 25. fxe5 Nd7 26. exd6 exd6
27. Bxd7 Rxd7 28. Re6 Rc7 29. h4 Rc2 30. Rg4 Rf5 31. Rxd6 Rxb2 32. Rd7 Rd2 33.
d6 Rf6 34. Rc4 Rff2 35. Rc8+ Rf8 36. Rcc7 Rff2 37. Rg7+ Kf8 38. Rge7 Rc2 39.
Rxc2 Rxc2 40. Rxh7 Rd2 41. d7 b5 42. g4 b4 43. h5 gxh5 44. gxh5 a4 45. h6 b3
46. axb3 axb3 47. Rh8+ Ke7 48. d8=Q+ 1-0

[Event "EIWCC 2018"]
[Site "Vysoke Tatry"]
[Date "2018.04.12"]
[Round "5"]
[White "Novosadova, Kristyna"]
[Black "Arakhamia-Grant, Ketevan"]
[Result "1-0"]
[WhiteElo "2240"]
[BlackElo "2347"]
[PlyCount "79"]
[EventDate "2018.??.??"]
[EventType "swiss"]
[EventCountry "SVK"]
[SourceTitle "playchess.com"]
[Source "ChessBase"]
[SourceQuality "1"]

1. d4 Nf6 2. c4 c5 3. d5 e5 4. Nc3 d6 5. e4 Nbd7 6. Bd3 Be7 7. Nge2 h5 8. h4
Nh7 9. Be3 Bxh4 10. Nb5 Be7 11. Ng3 g6 12. f4 a6 13. Qa4 axb5 14. Qxa8 Nb6 15.
Qa5 bxc4 16. Be2 Bh4 17. Rxh4 Qxh4 18. Qxb6 Qxg3+ 19. Bf2 Qxf4 20. Qxd6 Nf6 21.
Bxc5 Qh4+ 22. Kd1 Nd7 23. Bb4 Qf6 24. Qc7 Qd8 25. Qxc4 f6 26. Rc1 Kf7 27. d6+
Kg7 28. Qb5 Nf8 29. Rc7+ Kh6 30. Qc4 Ne6 31. Re7 Re8 32. Ba5 b6 33. Rxe8 Qxe8
34. Bxb6 Qd7 35. Be3+ Kg7 36. Qb4 Qc6 37. Bb5 Qa8 38. d7 Kf7 39. dxc8=Q Qxc8
40. Qd6 1-0

[Event "EIWCC 2018"]
[Site "Vysoke Tatry"]
[Date "2018.04.12"]
[Round "5"]
[White "Ionescu, Irina"]
[Black "Voit, Daria"]
[Result "1/2-1/2"]
[WhiteElo "2247"]
[BlackElo "2388"]
[PlyCount "92"]
[EventDate "2018.??.??"]
[EventType "swiss"]
[EventCountry "SVK"]
[SourceTitle "playchess.com"]
[Source "ChessBase"]
[SourceQuality "1"]

1. d4 Nf6 2. Bf4 g6 3. e3 Bg7 4. Nf3 d6 5. h3 O-O 6. Be2 b6 7. O-O Bb7 8. c4 c5
9. Nc3 cxd4 10. exd4 Ne4 11. Rc1 Nd7 12. Nxe4 Bxe4 13. Qd2 e5 14. Bg5 f6 15.
Bh6 Qe7 16. Bxg7 Kxg7 17. Qe3 Bb7 18. b4 Rac8 19. Rfd1 Rfe8 20. dxe5 dxe5 21.
a3 Nf8 22. Nd2 Rc7 23. Ne4 Bxe4 24. Qxe4 Ne6 25. Rc3 Nd4 26. Bf1 a5 27. bxa5
bxa5 28. Rb1 Qc5 29. g4 Re6 30. h4 f5 31. gxf5 gxf5 32. Rg3+ Rg6 33. Qg2 Qc6
34. Qxc6 Rcxc6 35. Rb7+ Kh6 36. Kg2 e4 37. h5 Rxg3+ 38. Kxg3 Kxh5 39. Rxh7+ Kg5
40. Rg7+ Kf6 41. Ra7 Rc5 42. Kf4 Ne6+ 43. Ke3 Ke5 44. Rd7 Ng5 45. Re7+ Ne6 46.
Rd7 Ng5 1/2-1/2

[Event "EIWCC 2018"]
[Site "Vysoke Tatry"]
[Date "2018.04.13"]
[Round "6"]
[White "Arda, Cagil Irmak"]
[Black "Michna, Marta"]
[Result "1-0"]
[WhiteElo "2199"]
[BlackElo "2367"]
[PlyCount "61"]
[EventDate "2018.??.??"]
[EventType "swiss"]
[EventCountry "SVK"]
[SourceTitle "playchess.com"]
[Source "ChessBase"]
[SourceQuality "1"]

1. e4 e6 2. d4 d5 3. Nd2 Nc6 4. Ngf3 Nf6 5. e5 Nd7 6. Be2 f6 7. exf6 Qxf6 8.
Nf1 Bd6 9. Ng3 O-O 10. O-O e5 11. dxe5 Ndxe5 12. Qxd5+ Be6 13. Qe4 Nxf3+ 14.
Bxf3 Rae8 15. Qa4 Nd4 16. Bxb7 Bb3 17. Qa6 Re6 18. axb3 Bxg3 19. Bd5 Bxh2+ 20.
Kh1 Rfe8 21. Qd3 Be5 22. c3 Ne2 23. Bd2 Kh8 24. Bxe6 Rxe6 25. g3 Bf4 26. Bxf4
Nxf4 27. Qf3 g5 28. gxf4 Qh6+ 29. Kg2 gxf4 30. Rg1 Qg5+ 31. Kf1 1-0

[Event "EIWCC 2018"]
[Site "Vysoke Tatry"]
[Date "2018.04.13"]
[Round "6"]
[White "Sedina, Elena"]
[Black "Huda, Maryana"]
[Result "1-0"]
[WhiteElo "2292"]
[BlackElo "2161"]
[PlyCount "51"]
[EventDate "2018.??.??"]
[EventType "swiss"]
[EventCountry "SVK"]
[SourceTitle "playchess.com"]
[Source "ChessBase"]
[SourceQuality "1"]

1. e4 c5 2. Nf3 d6 3. Bb5+ Nd7 4. O-O Ngf6 5. d4 cxd4 6. Qxd4 e5 7. Qd3 h6 8.
c4 Be7 9. Nc3 O-O 10. Bxd7 Bxd7 11. b3 a6 12. a4 b5 13. axb5 axb5 14. Rxa8 Qxa8
15. cxb5 Rb8 16. Be3 Qa5 17. b6 Bc6 18. Nd2 Nd7 19. Nc4 Qb4 20. Nd5 Bxd5 21.
Qxd5 Qxb3 22. Qc6 Rd8 23. Qc7 Qb4 24. b7 Kf8 25. Nb6 Nb8 26. Nd5 1-0